Roads in the landscape (Record no. 410971)

000 -LEADER
fixed length control field 00396cam a22001337a 4500
008 - FIXED-LENGTH DATA ELEMENTS--GENERAL INFORMATION
fixed length control field 180718b1957 xxu||||| |||| 00| 0 eng d
082 ## - DEWEY DECIMAL CLASSIFICATION NUMBER
Classification number X667 W671
100 ## - MAIN ENTRY--PERSONAL NAME
Personal name Williams-Ellis,Clough
245 ## - TITLE STATEMENT
Title Roads in the landscape
Statement of responsibility, etc. By Clough Williams-Ellis
260 ## - PUBLICATION, DISTRIBUTION, ETC.
Place of publication, distribution, etc. London
Name of publisher, distributor, etc. Her majesty's stationery office
Date of publication, distribution, etc. 1957
300 ## - PHYSICAL DESCRIPTION
Extent 22p
650 ## - SUBJECT ADDED ENTRY--TOPICAL TERM
Topical term or geographic name entry element Roads -- Great Britain
650 ## - SUBJECT ADDED ENTRY--TOPICAL TERM
Topical term or geographic name entry element Roadside improvement
Holdings
Withdrawn status Lost status Damaged status Not for loan Permanent Location Current Location Date acquired Full call number Barcode Date last seen Price effective from Koha item type
        Indian Institute of Public Administration Indian Institute of Public Administration 2009-01-23 X667 W671 DA1155 2018-07-21 2018-07-21 DA

Powered by Koha